000 00291nam a2200109Ia 4500
008 230907s9999||||xx |||||||||||||| ||und||
082 _a621.3815
_bFUN
245 4 _aThe circuits and filters handbook :
260 _aCRC Press,
_bBoca Raton :
_c2009
300 _a1 v. (unpaged) :
942 _cBK
999 _c599324
_d599324